000 00507nam a2200193 a 4500
001 1771335785377
003 YourLibrary
005 20260220132757.0
008 260217s2008##################000#0#eng##
020 _a9781405177986
082 0 4 _a320.1
_bSMI
100 1 _aSmith, Anthony D.,
_eauthor.
245 1 0 _aThe Cultural Foundations of Nations :
260 _bJohn Wiley & Sons,
_c2008.
300 _a278 pages
650 0 _aHistory.
942 _cENGLISH
040 _aYourLibrary
_beng
_cYourLibrary
999 _c614229
_d614229